000 00905nam a22002297a 4500
003 0
005 20250113154043.0
008 241107b xxu||||| |||| 00| 0 eng d
050 _aPHS TK 7887
_b.C112 2024
100 _aCabaguio, Simon Nathaniel,
_eauthor.
245 _aAn introductory design and development of an auto-tracking and gesture-controlled web camera module /
_cSimon Nathaniel Cabaguio, Zairo Cristobal, Maico Lorenzo Pitogo.
260 _aLas PiƱas :
_bSouthville International School and Colleges,
_c2024.
300 _avii, 59 p. :
_bcol. ill. ;
_c30 cm.
504 _aIncludes bibliographical references.
650 _aCameras
_vDesign and construction.
650 _aElectronics
_vDesign and construction
650 _aGesture recognition
650 _aAutomated systems
700 _aCristobal, Zaira,
_eauthor.
700 _aPitogo, Maico Lorenzo,
_eauthor.
942 _2lcc
_cPASS
999 _c366657
_d366657